[Event "Idaho Open (Reserve)"]
[Site "Pocatello, ID"]
[Date "2009.04.05"]
[Round "4.3"]
[White "Montgomery, Garry"]
[Black "Patterson, Kevin R"]
[Result "1-0"]
[WhiteElo "1029"]
[BlackElo "1035"]

1. d4 c6 2. c4 d5 3. Nc3 Nf6 4. Bg5 Bf5 5. Bxf6 exf6 6. Nf3 Bb4 7. cxd5 cxd5
8. e3 O-O 9. Bd3 Bxd3 10. Qxd3 Nc6 11. O-O Ne7 12. a3 Ba5 13. b4 Bc7 14. Rac1
a6 15. b5 a5 16. Na4 b6 17. Qc2 Rc8 18. Qd3 Qd6 19. Qb3 g5 20. g3 Bb8 21. Nc3
h5 22. e4 Rxc3 23. Qxc3 dxe4 24. Nd2 f5 25. Nc4 Qh6 26. Ne5 Bxe5 27. dxe5 Ng6
28. Qc6 h4 29. e6 Qh5 30. exf7+ Rxf7 31. Qe6 Nf4 32. Rc8+ Kh7 33. gxf4 Qg4+
34. Kh1 h3 35. Qxf7+ Kh6 36. Rh8# 1-0

[Event "Idaho Open (Reserve)"]
[Site "Pocatello, ID"]
[Date "2009.04.05"]
[Round "4.4"]
[White "Patterson, Katie Rae"]
[Black "Pelletti, Nathan James"]
[Result "1-0"]
[WhiteElo "587"]
[BlackElo "587"]

1. e4 e5 2. Nf3 Nc6 3. Nc3 Bc5 4. Bc4 Nf6 5. O-O O-O 6. d3 d6 7. Bg5 Be6 8.
Bd5 Nd4 9. Bxb7 Rb8 10. Bd5 Rxb2 11. Nxd4 Bxd4 12. Qd2 h6 13. Na4 hxg5 14.
Nxb2 Bxb2 15. Rab1 Qb8 16. Qxg5 Bg4 17. h3 Be2 18. Rfe1 Bh5 19. c4 Qb6 20. a3
Qd4 21. Re3 Bc3 22. g4 Bg6 23. Rd1 Rb8 24. h4 Rb2 25. h5 Rd2 26. Rc1 Kh7 27.
h6 Rxd3 28. Bxf7 Rxe3 29. Qxg6+ Kh8 30. Qxg7# 1-0

[Event "Idaho Closed"]
[Site "Boise, ID"]
[Date "2010.02.13"]
[Round "2.13"]
[White "Patterson, Emily N"]
[Black "Min, Kathy"]
[Result "1-0"]
[WhiteElo "1463"]
[BlackElo "868"]

1. c4 e5 2. Nc3 Nf6 3. Nf3 Nc6 4. g3 b6 5. Bg2 Bb4 6. O-O Bb7 7. d3 Qe7 8. Bg5
O-O-O 9. Qa4 h6 10. Nd5 Qd6 11. Bxf6 gxf6 12. Nxb4 Nxb4 13. a3 Nc6 14. Nd2 Nd4
15. Qxa7 Nxe2+ 16. Kh1 Bxg2+ 17. Kxg2 Qc6+ 18. f3 d6 19. b4 Rhg8 20. Ne4 d5
21. b5 Qe6 22. Qa8+ Kd7 23. Qxd5+ Qxd5 24. Nxf6+ Ke6 25. Nxd5 Rc8 26. Rfe1 Nd4
27. Ra2 Kd6 28. a4 h5 29. a5 bxa5 30. Rxa5 h4 31. Ra6+ c6 32. bxc6 Nxc6 33.
Nb4 Kc5 34. Nxc6 Rxc6 35. Rxc6+ Kxc6 36. Rxe5 Kd6 37. d4 f6 38. Rf5 Ke6 39. g4
Rh8 40. c5 Rd8 41. d5+ Rxd5 42. Rxd5 Kxd5 43. Kh3 Kxc5 44. Kxh4 Kd5 45. g5
fxg5+ 46. Kxg5 Ke5 47. h4 Ke6 48. Kg6 Ke5 49. h5 Kf4 50. h6 Kg3 51. h7 Kf4 52.
h8=Q Kg3 53. Qd4 {#r} 1-0

[Event "Idaho Closed"]
[Site "Boise, ID"]
[Date "2010.02.13"]
[Round "2.19"]
[White "Ramalingam, Deeban"]
[Black "Patterson, Katie Rae"]
[Result "1-0"]
[WhiteElo "1164"]
[BlackElo "978"]

1. e4 e5 2. Nf3 Nc6 3. Bc4 Nf6 4. Ng5 d5 5. exd5 Nxd5 6. Nxf7 Kxf7 7. Qf3+ Ke8
8. Bxd5 Qe7 9. Bxc6+ Kd8 10. Bxb7 Rb8 11. Bxc8 Rxc8 12. d3 Qe6 13. Nd2 Be7 14.
Ne4 Rf8 15. Qg3 g6 16. Bg5 Bxg5 17. Qxg5+ Qe7 18. Qxe7+ Kxe7 19. O-O Rb8 20.
b3 Rfe8 21. Rfe1 c5 22. Nc3 Ke6 23. f4 Rf8 24. fxe5 Rf5 25. Na4 Rxe5 26. Rxe5+
Kxe5 27. Nxc5 Kd4 28. Ne4 g5 29. Rd1 Rc8 30. c4 a5 31. Nxg5 Kc3 32. Nf3 Kb4
33. d4 a4 34. bxa4 Kxa4 35. c5 Kb5 36. d5 Rxc5 37. d6 Rc8 38. d7 Rd8 39. Ne5
Rxd7 40. Rxd7 Ka4 41. Rxh7 Ka3 42. Rb7 Kxa2 43. Kf2 Ka3 44. Ke3 Ka4 45. Kd3
Ka3 46. Kc4 Ka2 47. Kc3 Ka1 48. Kc2 Ka2 49. Ra7# 1-0

[Event "Idaho Closed"]
[Site "Boise, ID"]
[Date "2010.02.15"]
[Round "5.12"]
[White "Kepple, Alan C"]
[Black "Patterson, Emily N"]
[Result "0-1"]
[WhiteElo "1121"]
[BlackElo "1463"]

1. d4 c5 2. Nf3 Nf6 3. c4 e6 4. e3 d5 5. Nc3 Nc6 6. Be2 Qa5 7. O-O cxd4 8.
exd4 dxc4 9. Bxc4 Bd6 10. a3 O-O 11. Re1 h6 12. Be3 a6 13. b4 Qh5 14. d5 exd5
15. Nxd5 Nxd5 16. Bxd5 Rd8 17. Qb3 Bxh2+ 18. Nxh2 Qxd5 19. Qxd5 Rxd5 20. Rad1
Rxd1 21. Rxd1 Be6 22. Nf3 Bg4 23. Rd2 Bxf3 24. gxf3 Rd8 25. Rxd8+ Nxd8 26. Kg2
g5 27. Kg3 f5 28. f4 Ne6 29. Bd2 Kg7 30. Be3 b5 31. Bd2 Kg6 32. Be3 Kh5 33.
Bd2 Nd4 34. fxg5 hxg5 35. f4 g4 36. Kg2 Nf3 37. Be3 Ne1+ 38. Kg3 Nc2 39. Bc1
Nd4 40. Be3 Nb3 41. Kg2 a5 42. Kg3 a4 43. Kg2 Kh4 44. Bf2+ g3 45. Bxg3+ Kg4
46. Bf2 Kxf4 47. Kf1 Kf3 48. Bc5 Na1 49. Bd4 Nc2 50. Bb2 f4 51. Bc1 Ne3+ 52.
Ke1 Ke4 53. Bxe3 Kxe3 {#R} 0-1

[Event "Idaho Closed"]
[Site "Boise, ID"]
[Date "2010.02.15"]
[Round "5.18"]
[White "Min, Michael"]
[Black "Patterson, Katie Rae"]
[Result "0-1"]
[WhiteElo "404"]
[BlackElo "978"]

1. e4 e5 2. Nf3 Nc6 3. Bb5 Nf6 4. Nc3 Bb4 5. Bxc6 Bxc3 6. dxc3 bxc6 7. O-O d6
8. Bg5 O-O 9. c4 h6 10. Bxf6 Qxf6 11. b3 Qg6 12. Nh4 Qxe4 13. Nf3 Bg4 14. Qd3
Qxd3 15. cxd3 Bxf3 16. gxf3 Rfe8 17. Kh1 d5 18. cxd5 cxd5 19. Rae1 Rac8 20.
Re2 Re6 21. Rfe1 Rce8 22. a4 c5 23. f4 e4 24. f5 Re5 25. f3 e3 26. f6 gxf6 27.
Rg1+ Rg5 28. Rxg5+ hxg5 29. Rb2 e2 30. Rxe2 Rxe2 31. Kg1 Rb2 32. Kf1 Rxb3 33.
Ke2 Rb2+ 34. Ke3 f5 35. h3 f4# 0-1

[Event "WRW Progressive"]
[Site "Hailey, ID"]
[Date "2010.10.09"]
[Round "3.4"]
[White "Bruck, Nick Jon"]
[Black "Patterson, Katie Rae"]
[Result "1-0"]
[WhiteElo "1041"]
[BlackElo "979"]

1. e4 e5 2. Nf3 Nc6 3. d4 exd4 4. Nxd4 Nf6 5. Nxc6 bxc6 6. Qe2 Bc5 7. Be3 Bxe3
8. Qxe3 O-O 9. Bd3 Re8 10. O-O Rb8 11. b3 Bb7 12. Nc3 d6 13. Qf4 Nh5 14. Qf5
g6 15. Qh3 Bc8 16. Qf3 Qg5 17. Bc4 Be6 18. Bxe6 Rxe6 19. Rfe1 Rf6 20. Qe3 Nf4
21. g3 Nh3+ 22. Kh1 Nxf2+ 23. Kg2 Qg4 24. Rf1 Qh3+ 25. Kg1 Ng4 26. Qe2 Rxf1+
27. Rxf1 d5 28. exd5 cxd5 29. Nxd5 c6 30. Qxg4 Qh6 31. Qf4 Qg7 32. Qxb8+ Qf8
33. Ne7+ Kg7 34. Qxf8+ Kxf8 35. Nxc6 f5 36. Nxa7 Ke8 37. Rd1 h5 38. c4 g5 39.
c5 h4 40. c6 hxg3 41. hxg3 g4 42. c7 f4 43. c8=Q+ Ke7 44. Qc6 fxg3 45. Rd7+
Ke8 46. Qc8# 1-0

[Event "WRW Progressive"]
[Site "Hailey, ID"]
[Date "2010.10.09"]
[Round "4.5"]
[White "Patterson, Kevin R"]
[Black "Patterson, Katie Rae"]
[Result "1/2-1/2"]
[WhiteElo "1270"]
[BlackElo "979"]

1. e4 e5 2. Nf3 Nc6 3. Bc4 Nf6 4. d3 Bc5 5. c3 O-O 6. d4 exd4 7. e5 Ng4 8.
cxd4 Bb6 9. h3 Na5 10. b3 Nh6 11. Bxh6 gxh6 12. Be2 d6 13. O-O dxe5 14. dxe5
Qe7 15. Qd2 Qe6 16. Na3 Qg6 17. Kh1 Qg7 18. Nc4 Nxc4 19. Bxc4 Bf5 20. Qf4 Bg6
21. Rad1 Rad8 22. Rxd8 Rxd8 23. Re1 Kh8 24. Qg3 f6 25. Re2 Bh5 {#d} 1/2-1/2

[Event "WIO (Reserve)"]
[Site "Boise, ID"]
[Date "2010.12.11"]
[Round "1.1"]
[White "Ramalingam, Deeban"]
[Black "Patterson, Kevin R"]
[Result "1/2-1/2"]
[WhiteElo "1204"]
[BlackElo "1263"]

1. e4 c6 2. d4 d5 3. e5 Bf5 4. Ne2 h6 5. Ng3 Bg6 6. c3 e6 7. Bd3 Bxd3 8. Qxd3
Ne7 9. Nd2 Ng6 10. Nf3 Be7 11. O-O Nd7 12. b3 O-O 13. c4 dxc4 14. bxc4 Nb6 15.
Bd2 Qd7 16. Rfd1 Rfd8 17. Qc2 Qe8 18. c5 Nd5 19. Qc1 Kh7 20. Rb1 Rd7 21. Ne2
Qh8 22. Nc3 f5 23. Nxd5 Rxd5 24. Rxb7 Qc8 25. Rb3 Rd8 26. Qc2 Rf8 27. Rdb1 Re8
28. Rb7 Bd8 29. R7b3 Be7 30. Rb7 Bd8 31. R7b3 Be7 32. Rb7 {#d} 1/2-1/2

[Event "WIO (Reserve)"]
[Site "Boise, ID"]
[Date "2010.12.11"]
[Round "2.2"]
[White "Patterson, Kevin R"]
[Black "Patterson, Katie Rae"]
[Result "1-0"]
[WhiteElo "1263"]
[BlackElo "956"]

1. e4 e5 2. Nf3 Nc6 3. Bc4 Nf6 4. d3 Bc5 5. O-O O-O 6. Re1 d6 7. Be3 Bxe3 8.
Rxe3 Bg4 9. Qe1 b6 10. Nc3 Nb4 11. Qd2 d5 12. exd5 Nbxd5 13. Nxd5 Nxd5 14.
Bxd5 Qxd5 15. Nxe5 Bc8 16. Qe2 Bb7 17. Qf3 Qxf3 18. Nxf3 Bxf3 19. Rxf3 Rfe8
20. Re3 Rxe3 21. fxe3 Re8 22. e4 c5 23. b3 a5 24. c4 Rd8 25. Rd1 Rb8 26. d4
cxd4 27. Rxd4 h6 28. Rd5 Re8 29. Rd4 Rb8 30. Kf2 Kf8 31. Kf3 Ke7 32. Rd5 Ke6
33. Rb5 Kd6 34. c5+ Kc6 35. Rxb6+ Rxb6 36. cxb6 Kxb6 37. Ke3 f6 38. Kd4 g5 39.
Kd5 h5 40. Ke6 h4 41. Kxf6 Kc7 42. Ke7 g4 43. e5 Kc8 44. e6 Kc7 45. Kf8 Kd8
46. e7+ Kc7 47. e8=Q {#r} 1-0

[Event "WIO (Reserve)"]
[Site "Boise, ID"]
[Date "2010.12.12"]
[Round "5.4"]
[White "Simonson, Jay L"]
[Black "Patterson, Katie Rae"]
[Result "0-1"]
[WhiteElo "657"]
[BlackElo "956"]

1. e4 e5 2. Nf3 Nc6 3. Bc4 Nf6 4. d4 Qe7 5. Bg5 h6 6. Bxf6 Qxf6 7. Nc3 Nxd4 8.
Nd5 Nxf3+ 9. gxf3 Qc6 10. Qe2 a6 11. O-O-O b5 12. Bb3 a5 13. a3 b4 14. a4 Ra7
15. f4 Ba6 16. Qf3 Bc4 17. fxe5 Bxb3 18. Qxb3 Bc5 19. f3 O-O 20. Rd2 Qg6 21.
Qc4 Qc6 22. Rg2 Re8 23. Nf6+ Kf8 24. Nxe8 Kxe8 25. Rxg7 Be3+ 26. Kb1 Qxc4 27.
b3 Qc3 28. Rd1 Bd4 29. Rxd4 Qxd4 30. Rg8+ Ke7 31. Rg2 Qd1+ 32. Ka2 Qxf3 33.
Rd2 Qxe4 34. Rg2 Qxg2 {#R} 0-1

[Event "Idaho Closed"]
[Site "Twin Falls, ID"]
[Date "2011.02.19"]
[Round "1.9"]
[White "Douglas, Kurt P"]
[Black "Patterson, Katie Rae"]
[Result "1-0"]
[WhiteElo "1671"]
[BlackElo "947"]

1. e4 e5 2. Nf3 Nc6 3. Bb5 a6 4. Ba4 Bc5 5. c3 Nf6 6. O-O O-O 7. Re1 d6 8. h3
Nh5 9. d4 exd4 10. cxd4 Ba7 11. Nc3 b5 12. Bc2 Qf6 13. Nd5 Qd8 14. Bg5 f6 15.
Be3 Be6 16. Nc3 d5 17. exd5 Bxd5 18. Nxd5 Qxd5 19. Bb3 Qxb3 20. Qxb3+ Kh8 21.
Rac1 Nd8 22. Rxc7 Re8 23. d5 Bxe3 24. Rxe3 Rxe3 25. Qxe3 h6 26. Qe8+ Kh7 27.
Qxh5 Nb7 28. Qf5+ Kg8 29. Qg6 Kf8 30. Qf7# 1-0

[Event "ICA Players Mem-Res."]
[Site "Boise, ID"]
[Date "2011.05.15"]
[Round "5.2"]
[White "Patterson, Kevin R"]
[Black "Finch, Douglas W"]
[Result "1/2-1/2"]
[WhiteElo "1243"]
[BlackElo "1371"]

1. e4 c5 2. d4 cxd4 3. c3 dxc3 4. Nxc3 g6 5. Bc4 Bg7 6. Nf3 Qc7 7. Qb3 e6 8.
O-O b6 9. Re1 Nc6 10. Qc2 Nd4 11. Nxd4 Qxc4 12. Nf3 a6 13. Re2 Bb7 14. Nd2 Qc7
15. Qd3 Nf6 16. Nf1 O-O 17. a3 Rac8 18. Bd2 Ng4 19. Qg3 Qxg3 20. Nxg3 Bd4 21.
h3 Nxf2 22. Rxf2 f5 23. exf5 exf5 24. Kf1 Bxf2 25. Kxf2 d5 26. Rc1 f4 27. Nge2
g5 28. Ng1 h5 29. Nf3 {#d} 1/2-1/2

[Event "ICU Twin Falls City Ch"]
[Site "Twin Falls, ID"]
[Date "2011.06.25"]
[Round "4.7"]
[White "Patterson, Katie Rae"]
[Black "Patterson, Kevin R"]
[Result "1-0"]
[WhiteElo "1019"]
[BlackElo "1196"]

1. c4 g6 2. Nf3 Bg7 3. Nc3 Nc6 4. g3 e5 5. Bg2 d6 6. O-O Nf6 7. d3 O-O 8. Bd2
Be6 9. Qc1 Ne7 10. Bh6 Nf5 11. Bxg7 Kxg7 12. Ng5 h6 13. Nxe6+ fxe6 14. Bxb7
Rb8 15. Be4 Nd4 16. e3 Nc6 17. Bxc6 d5 18. Qd1 Qd6 19. Ba4 Rxb2 20. Nb5 Qb6
21. Qc1 Rxb5 22. Bxb5 Ng4 23. Rb1 d4 24. exd4 Qxd4 25. Rb2 Qxd3 26. c5 Qf5 27.
h3 Nf6 28. Rb3 Ne4 29. Rb2 Qxh3 30. Bc6 Nxg3 31. fxg3 Qxg3+ 32. Rg2 Rxf1+ 33.
Qxf1 Qe3+ 34. Kh1 Qxc5 35. Be4 Qd4 36. Rxg6+ {#r} 1-0

[Event "Winter Warmup Invitational"]
[Site "Meridian, ID"]
[Date "2012.01.21"]
[Round "1.4"]
[White "Kirk, Patrick T"]
[Black "Patterson, Kevin R"]
[Result "1-0"]
[WhiteElo "1651"]
[BlackElo "1176"]

1. e4 c6 2. Nc3 d5 3. exd5 cxd5 4. d4 Bf5 5. Nf3 e6 6. Bb5+ Nc6 7. Ne5 Qc7 8.
Bf4 Nf6 9. Ng6 Bd6 10. Bxd6 Qxd6 11. Nxh8 Ke7 12. Nxf7 Kxf7 13. h3 Qf4 14.
Bxc6 bxc6 15. Qd2 Qb8 16. b3 Qb4 17. a3 Qd6 18. Ne2 Re8 19. O-O e5 20. Ng3 Bg6
21. dxe5 Rxe5 22. c4 Re7 23. cxd5 cxd5 24. Rfe1 Ne4 25. Nxe4 Rxe4 26. Rxe4
Bxe4 27. Qd4 Kg8 28. Qxa7 h6 29. Rc1 Qg6 30. Qb8+ Kh7 31. Qg3 Qf6 32. Rc7 d4
33. Qg4 d3 34. Qxe4+ Qg6 35. Qxg6+ Kxg6 36. Rd7 {#r} 1-0

[Event "Winter Warmup Invitational"]
[Site "Meridian, ID"]
[Date "2012.01.21"]
[Round "3.4"]
[White "Kirk, Patrick T"]
[Black "Patterson, Emily N"]
[Result "1-0"]
[WhiteElo "1651"]
[BlackElo "1451"]

1. e4 e6 2. Nc3 d5 3. exd5 exd5 4. d4 Nf6 5. Nf3 Bb4 6. Bd2 O-O 7. Be2 Nc6 8.
O-O Re8 9. h3 Bxc3 10. Bxc3 Ne4 11. Bd3 Qf6 12. Re1 Bf5 13. Bxe4 Bxe4 14. Ne5
Qh4 15. f3 Bf5 16. Re2 Re6 17. Nxc6 Rxc6 18. Be1 Qg5 19. h4 Qg6 20. c3 Re6 21.
g4 Bxg4 22. Rg2 Bxf3 23. Qxf3 Qf6 24. Qxd5 Rae8 25. Bf2 c6 26. Qc4 Re2 27. d5
cxd5 28. Qxd5 Rxb2 29. Bd4 Rxg2+ 30. Qxg2 Qg6 31. Qxg6 hxg6 32. Bxa7 Re4 33.
Bf2 Re2 34. a4 f5 35. Rb1 Re7 36. a5 Rc7 37. Bd4 Kh7 38. Kf2 Kh6 39. Kg3 Kh5
40. Re1 g5 41. hxg5 Kxg5 42. Be3+ Kg6 43. Bd4 Kg5 44. Re8 g6 45. Rf8 Rh7 46.
Be3+ Kh5 47. Bf4 g5 48. Rxf5 Kg6 49. Rxg5+ Kf6 50. Rc5 Ke6 51. Kf3 Rf7 52. Ke4
Rd7 53. Re5+ Kf7 54. Rd5 Re7+ 55. Kd4 Ke8 56. Kc5 Rd7 57. Rxd7 Kxd7 58. Kb6
Kc8 59. c4 Kd7 60. Kxb7 Kd8 61. a6 Kd7 62. a7 Ke6 63. a8=Q Kf5 64. Qf8+ Ke4
65. c5 Kd5 66. c6 Ke4 67. c7 Kd5 68. c8=R Ke4 69. Re8+ Kd4 70. Qd6+ Kc4 71.
Rc8+ {#r} 1-0

[Event "Winter Warmup Invitational"]
[Site "Meridian, ID"]
[Date "2012.01.21"]
[Round "4.6"]
[White "Patterson, Emily N"]
[Black "Patterson, Kevin R"]
[Result "0-1"]
[WhiteElo "1451"]
[BlackElo "1176"]

1. e4 c6 2. d4 d5 3. e5 Bf5 4. c4 e6 5. Nc3 dxc4 6. Bxc4 Nd7 7. f4 Nb6 8. b3
Nd5 9. Bxd5 cxd5 10. g4 Bg6 11. Nf3 h6 12. O-O Bb4 13. Bb2 Ne7 14. a3 Ba5 15.
b4 Bb6 16. Nb5 O-O 17. Rc1 Rc8 18. Nd6 Rxc1 19. Qxc1 Qd7 20. h4 Nc8 21. Nxc8
Rxc8 22. Qd2 Rc2 23. Qe3 Rxb2 24. Qc3 Re2 25. h5 Be4 26. Rd1 Bxf3 27. Qxf3 Rc2
28. Qd3 Rc4 29. g5 Rxd4 30. Qxd4 Bxd4+ 31. Rxd4 hxg5 32. fxg5 Qc7 33. Kf2 Qxe5
34. Rd3 Qxg5 {#R} 0-1

[Event "Idaho Closed"]
[Site "Boise, ID"]
[Date "2012.02.18"]
[Round "1.5"]
[White "Douglas, Kurt P"]
[Black "Patterson, Kevin R"]
[Result "1/2-1/2"]
[WhiteElo "1763"]
[BlackElo "1172"]

1. e4 c6 2. d4 d5 3. Nc3 dxe4 4. Nxe4 Bf5 5. Ng3 Bg6 6. h4 h6 7. h5 Bh7 8. Nf3
e6 9. Bd3 Bxd3 10. Qxd3 Bd6 11. Ne4 Bb4+ 12. c3 Be7 13. Bf4 Nd7 14. O-O-O a5
15. c4 Ngf6 16. Nd6+ Bxd6 17. Bxd6 Nb6 18. c5 Nc8 19. Bg3 O-O 20. Ne5 Qd5 21.
Qb3 Qxb3 22. axb3 Nd5 23. Rh4 Kh7 24. Nc4 a4 25. bxa4 Rxa4 26. Na3 Nce7 {#d}
1/2-1/2

[Event "Idaho Closed"]
[Site "Boise, ID"]
[Date "2012.02.20"]
[Round "5.10"]
[White "Bruck, Nick Jon"]
[Black "Patterson, Kevin R"]
[Result "1-0"]
[WhiteElo "1340"]
[BlackElo "1172"]

1. e4 c6 2. Nf3 d5 3. exd5 cxd5 4. d4 Na6 5. Bxa6 Qa5+ 6. Nc3 Qxa6 7. Nxd5
Qa5+ 8. Nc3 Bg4 9. O-O Qf5 10. Be3 Bxf3 11. Qxf3 Qxf3 12. gxf3 Nf6 13. Bg5
O-O-O 14. Bxf6 gxf6 15. Rad1 a6 16. Ne2 Bh6 17. c3 Rhg8+ 18. Kh1 Rg6 19. Rg1
Rd6 20. Ng3 e6 21. Ne4 Rxg1+ 22. Rxg1 Rb6 23. b3 f5 24. Ng5 f6 25. Nxh7 e5 26.
Rg6 Bd2 27. dxe5 Bxc3 28. exf6 Rd6 29. f7 Rd1+ 30. Kg2 Bb4 31. Rg8+ Kc7 32.
f8=Q Bxf8 33. Rxf8 Rd2 34. Rxf5 Rxa2 35. h4 Rb2 36. Rc5+ Kd6 37. Rc3 Re2 38.
Ng5 Re7 39. h5 {#r} 1-0

[Event "Idaho Open (Reserve)"]
[Site "Pocatello, ID"]
[Date "2012.04.21"]
[Round "3.2"]
[White "Patterson, Katie Rae"]
[Black "Blake, Isaac R.R"]
[Result "1-0"]
[WhiteElo "936"]
[BlackElo "599"]

1. c4 e5 2. g3 Nc6 3. Bg2 f5 4. Nc3 g6 5. d3 Nf6 6. Nf3 Bc5 7. O-O d5 8. Bg5
Be6 9. Nh4 d4 10. Nd5 Bxd5 11. cxd5 h6 12. Bxf6 Qxf6 13. dxc6 bxc6 14. Qa4 O-O
15. Qc4+ Kh8 16. Qxc5 g5 17. Qxc6 Qxc6 18. Bxc6 Rab8 19. Ng6+ Kg8 20. Nxf8
Kxf8 21. f4 exf4 22. gxf4 Rxb2 23. fxg5 hxg5 24. Rxf5+ Ke7 25. Bf3 {#r} 1-0

[Event "Idaho Open (Reserve)"]
[Site "Pocatello, ID"]
[Date "2012.04.22"]
[Round "4.2"]
[White "Blake, Isaac R.R"]
[Black "Patterson, Kevin R"]
[Result "1-0"]
[WhiteElo "599"]
[BlackElo "1181"]

1. e4 d6 2. d4 Nf6 3. Nc3 g6 4. Nf3 Bg7 5. Bc4 O-O 6. O-O Bg4 7. Bg5 Bxf3 8.
Qxf3 Nbd7 9. Qe3 c5 10. d5 Qb6 11. Bb5 Ng4 12. Qh3 Bxc3 13. Bxd7 Bf6 14. Qxg4
Bxg5 15. Qxg5 Qxb2 16. Qxe7 Qxc2 17. Qxd6 Qxe4 18. Rfe1 Qd4 19. Rad1 Qb4 20.
g3 Rad8 21. Qe7 a5 22. Rb1 Qc4 23. Bb5 Qxa2 24. d6 c4 25. d7 c3 26. Qe8 Kg7
27. Qe5+ Kg8 28. Qxc3 Qd5 29. Red1 Qf5 30. Qd3 Qxd3 31. Rxd3 b6 32. Rd6 Rb8
33. Rbd1 Rfd8 34. Re1 Kf8 35. Re8+ Rxe8 {#r} 1-0

[Event "Idaho Open (Reserve)"]
[Site "Pocatello, ID"]
[Date "2012.04.22"]
[Round "5.2"]
[White "Patterson, Katie Rae"]
[Black "Patterson, Kevin R"]
[Result "1-0"]
[WhiteElo "936"]
[BlackElo "1181"]

1. c4 d6 2. g3 g6 3. Bg2 Bg7 4. Nc3 Nf6 5. Nf3 e5 6. d3 O-O 7. Bd2 Nc6 8. Rb1
b6 9. b3 a5 10. Qc1 Nd4 11. Nxd4 Rb8 12. Nc6 Qd7 13. Nxb8 Qe8 14. Bh6 Bxh6 15.
Qxh6 Be6 16. Nd5 Bxd5 17. Bxd5 Qxb8 18. Be4 Nxe4 19. dxe4 Qd8 20. h4 Qf6 21.
g4 Qf4 22. Qxf4 exf4 23. e3 fxe3 24. fxe3 Re8 25. g5 Rxe4 26. Ke2 Kg7 27. Kd3
Re5 28. b4 f6 29. gxf6+ Kxf6 30. bxa5 Rxa5 31. Rh2 Re5 32. Rb5 Re7 33. a4 h5
34. a5 bxa5 35. Rxa5 c5 36. Rf2+ Kg7 37. Ra6 Rd7 38. Ke4 Re7+ 39. Kd5 Rxe3 40.
Ra7+ Kg8 41. Kxd6 Re4 42. Kxc5 Rxh4 43. Rf6 Rg4 44. Kd5 h4 45. Ke6 h3 46. Ra8+
Kg7 47. Rf7+ Kh6 48. Rh8+ Kg5 49. Rxh3 Rxc4 50. Rg3+ Kh6 51. Kf6 Rc6+ 52. Ke5
Rc4 53. Rh3+ Kg5 54. Rg3+ Kh6 55. Rf6 Rc5+ 56. Kd6 Rc4 57. Rfxg6+ Kh7 58. R6g4
{#r} 1-0

[Event "ICA Players Mem-Res."]
[Site "Boise, ID"]
[Date "2012.05.19"]
[Round "1.3"]
[White "Blake, Isaac R.R"]
[Black "Patterson, Kevin R"]
[Result "1/2-1/2"]
[WhiteElo "599"]
[BlackElo "1281"]

1. e4 c6 2. d4 d5 3. exd5 cxd5 4. Nc3 Nf6 5. Bf4 Bf5 6. Bb5+ Nbd7 7. Nf3 a6 8.
Bxd7+ Qxd7 9. O-O h6 10. Ne5 Qc8 11. Qf3 e6 12. Rfe1 Be7 13. h3 Bxc2 14. Qg3
Nh5 15. Qg4 Nxf4 16. Qxf4 O-O 17. Rac1 Bg5 18. Qg4 Bxc1 19. Rxc1 Bf5 20. Qh5
Qd8 21. b4 Qg5 22. Qxg5 hxg5 23. g4 Bd3 24. Nxd3 b6 25. a4 Rfc8 26. Ne2 Rxc1+
27. Nexc1 Rc8 28. f3 Rc4 29. Nb3 Rc3 30. Nbc1 a5 31. b5 Rc4 32. Nb3 Rxa4 33.
Kf2 Rc4 34. Ke2 a4 35. Nd2 {#d} 1/2-1/2

[Event "WIO (Reserve)"]
[Site "Boise, ID"]
[Date "2012.12.08"]
[Round "2.5"]
[White "Buus, Jarod"]
[Black "Patterson, Katie Rae"]
[Result "1-0"]
[WhiteElo "1120"]
[BlackElo "993"]

1. e4 e5 2. Nf3 Nc6 3. Bb5 a6 4. Ba4 Nf6 5. O-O Bc5 6. c3 O-O 7. Re1 d6 8. d4
exd4 9. cxd4 Bb6 10. h3 Re8 11. Bc2 Ba7 12. Bg5 b6 13. a3 Bb7 14. Qd3 g6 15.
Nc3 Kg7 16. Re3 Qd7 17. Bxf6+ Kxf6 18. Nd5+ Ke6 19. Nc3 Ke7 20. Nd5+ Kd8 21.
Nf6 Qe7 22. Nxe8 Qxe8 23. e5 dxe5 24. Nxe5 Kc8 25. Rae1 Nxe5 26. Rxe5 Qc6 27.
Re8+ Kd7 28. R1e7+ Kd6 29. Qg3+ Kd5 30. Qe5+ Kc4 31. Qe2+ Kxd4 32. Qd3+ Kc5
33. Re5+ Qd5 34. b4+ Kc6 35. Qxd5# 1-0

[Event "WIO (Reserve)"]
[Site "Boise, ID"]
[Date "2012.12.09"]
[Round "4.8"]
[White "Patterson, Katie Rae"]
[Black "Blake, Isaac R R"]
[Result "1-0"]
[WhiteElo "993"]
[BlackElo "763"]

1. c4 e5 2. Nc3 Nc6 3. Nf3 f5 4. d3 g6 5. Bg5 Nf6 6. g3 Bg7 7. Bg2 d6 8. O-O
Be6 9. Qb3 b6 10. Nd5 O-O 11. Qb5 Bd7 12. Bxf6 Bxf6 13. Nxf6+ Qxf6 14. Qd5+
Qe6 15. Qxe6+ Bxe6 16. Ng5 Bd7 17. Bd5+ Kg7 18. Bxc6 Bxc6 19. Ne6+ Kf7 20.
Nxf8 Kxf8 21. f4 e4 22. b4 b5 23. Rac1 bxc4 24. Rxc4 Bb5 25. Rxc7 exd3 26.
exd3 Bxd3 27. Re1 d5 28. Rxh7 d4 29. Rd7 Bc4 30. Rxd4 Bxa2 31. Re5 Rc8 32. Kg2
Rc2+ 33. Kh3 Bb3 34. g4 Rc3+ 35. Kh4 Rc7 36. Kg5 fxg4 37. Kxg4 Rc2 38. Kg5
Rg2+ 39. Kf6 Kg8 40. Re7 Kh8 41. Rd8+ Bg8 42. Rg7 {#r} 1-0

[Event "WIO (Reserve)"]
[Site "Boise, ID"]
[Date "2012.12.09"]
[Round "5.6"]
[White "Clark, Riley Mae"]
[Black "Patterson, Katie Rae"]
[Result "0-1"]
[WhiteElo "101"]
[BlackElo "993"]

1. e4 e5 2. d3 Nf6 3. Nc3 Nc6 4. Nf3 Bc5 5. Be2 O-O 6. O-O b6 7. Be3 Bb7 8. d4
Bb4 9. Qd2 d5 10. exd5 Nxd5 11. Bg5 Nf6 12. d5 Bxc3 13. Qxc3 Qxd5 14. Bxf6
gxf6 15. Qd3 Qxd3 16. Bxd3 Nd4 17. Nh4 e4 18. Bc4 Nxc2 19. Rac1 Nb4 20. Nf5
Nd5 21. Rfd1 Rad8 22. Nh6+ Kg7 23. Nf5+ Kg6 24. Nh4+ Kg7 25. Rd4 Rfe8 26. Rcd1
c6 27. Nf5+ Kg6 28. Ne3 b5 29. Bxd5 cxd5 30. Nxd5 Bxd5 31. Rxd5 Rxd5 32. Rxd5
Rc8 33. h3 Rc2 34. b4 Rxa2 35. Rxb5 Rb2 36. Rb7 a6 37. g3 h5 38. Kg2 f5 39. h4
e3 40. Kf1 e2+ 41. Ke1 a5 42. b5 a4 43. b6 a3 44. Re7 a2 45. f4 a1=Q+ 46. Kf2
e1=Q+ 47. Kf3 Qa3+ 48. Re3 Qaxe3# 0-1

[Event "Idaho Closed"]
[Site "Twin Falls, ID"]
[Date "2014.02.16"]
[Round "4.11"]
[White "Patterson, Kevin R"]
[Black "Simonson, Jay L"]
[Result "1-0"]
[WhiteElo "1222"]
[BlackElo "710"]
[EventRounds "6"]
[EventCountry "USA"]

1. e4 c5 2. Nf3 Nf6 3. Nc3 d5 4. exd5 Nxd5 5. Nxd5 Qxd5 6. d3 Bg4 7. Be2 Bxf3
8. Bxf3 Qe5+ 9. Qe2 Nc6 10. Bxc6+ bxc6 11. Qxe5 f6 12. Qxc5 Rc8 13. O-O Rc7
14. Re1 e5 15. Qc4 Bd6 16. d4 c5 17. dxe5 Re7 18. Bd2 Rxe5 19. Rxe5+ Bxe5 20.
Re1 Ke7 21. Qxc5+ Ke6 22. f4 Rd8 23. Bb4 Rd5 24. Qe7+ Kf5 25. fxe5 Rxe5 26.
Rxe5+ fxe5 27. Bc3 Kg6 28. Qxe5 Kh6 29. g4 {#r} 1-0

[Event "MVCC (Challenger)"]
[Site "Twin Falls, ID"]
[Date "2014.03.22"]
[Round "1.1"]
[White "Patterson, Kevin R"]
[Black "Murphy, Andre"]
[Result "1-0"]
[WhiteElo "1212"]
[BlackElo "1006"]
[EventRounds "4"]
[EventCountry "USA"]

1. e4 e6 2. Nc3 c5 3. Nf3 d6 4. d4 Nd7 5. Bf4 b6 6. dxc5 Nxc5 7. b4 Nb7 8. a3
Qf6 9. Qd2 h6 10. e5 Qd8 11. Nb5 d5 12. Be2 g5 13. Bg3 Ne7 14. Qc3 Kd7 15. Nd6
Nxd6 16. exd6 Rg8 17. Bb5+ Nc6 18. Qxc6# 1-0